<?xml version="1.0" encoding="UTF-8"?>
<record
    xmlns:xsi="http://www.w3.org/2001/XMLSchema-instance"
    xsi:schemaLocation="http://www.loc.gov/MARC21/slim http://www.loc.gov/standards/marcxml/schema/MARC21slim.xsd"
    xmlns="http://www.loc.gov/MARC21/slim">

  <leader>04588nam a22002177a 4500</leader>
  <controlfield tag="008">140409b        xxu||||| |||| 00| 0 eng d</controlfield>
  <datafield tag="020" ind1=" " ind2=" ">
    <subfield code="a">9780135032749</subfield>
  </datafield>
  <datafield tag="050" ind1=" " ind2=" ">
    <subfield code="a">HF5549.G64</subfield>
  </datafield>
  <datafield tag="100" ind1=" " ind2=" ">
    <subfield code="a">Gomez-Meija,Luis R.</subfield>
  </datafield>
  <datafield tag="245" ind1=" " ind2=" ">
    <subfield code="a">Managing human resources. /</subfield>
    <subfield code="c"> Luis R. Gomez-Meija, David B. Balkin,and Robert L.Cardy.</subfield>
  </datafield>
  <datafield tag="250" ind1=" " ind2=" ">
    <subfield code="a">5th ed.</subfield>
  </datafield>
  <datafield tag="260" ind1=" " ind2=" ">
    <subfield code="a">Upper Saddle River:</subfield>
    <subfield code="b">Pearson,</subfield>
    <subfield code="c">2007.</subfield>
  </datafield>
  <datafield tag="300" ind1=" " ind2=" ">
    <subfield code="a">xxix,639 p.:</subfield>
    <subfield code="b">ill.;</subfield>
    <subfield code="c">27cm.</subfield>
  </datafield>
  <datafield tag="500" ind1=" " ind2=" ">
    <subfield code="a">Includes index and bibliographical references.</subfield>
  </datafield>
  <datafield tag="505" ind1=" " ind2=" ">
    <subfield code="a">Contents: Introduction: Meeting present and emerging strategic human resource challenges: Human resource management: the challenges -- Planning and implementing strategic HR  policies -- Selecting HR  strategies to increase firm performance -- The HR department and managers: an important partnership -- The Contexts of human resource management: Managing work flows and conducting job analysis: Work: the organizational perspective: Work: the group activity -- Work: the individual perspective -- Designing jobs and conducting job analysis -- The Flexible workforce -- Human resource information systems -- Understanding equal opportunity and the legal environment: Why understanding the legal environment is important --  Challenges to legal compliance -- Conflicting strategies for fair employment -- Equal employment opportunity laws -- EEO enforcement and compliance -- Other important laws -- Avoiding pitfalls in EEO -- Managing diversity: What is diversity -- Challenges in managing employee diversity  - Diversity in organizations -- Improving the management of diversity: Some warnings -- Staffing: Recruiting and selecting employees:Human resource supply and demand -- The Hiring process -- Challenges in the hiring process -- Meeting the challenges of effective staffing -- Selection -- Legal issues in staffing -- Managing employee separations,downsizing,and outplacement -- What are employee separations -- Types of employee separations -- Managing early retirements -- Managing layoffs -- Outplacement -- Employee development: Appraising and managing performance: What is performance appraisal -- Identifying performance dimensions -- Managing performance --Training the workforce: Key training issues: Training versus development -- Challenges in training: Managing the training process -- A Special case:orientation and socialization --Developing careers: What is career development --  Meeting the challenges of effective career development:Self- development -- Compensation: Managing Compensation: What is compensation -- Designing a compensation system -- Job versus individual pay -- Compensation tools -- The Legal environment and pay system governance --Rewarding Performance: Pay for performance:the challenges -- Meeting the challenges of pay-for-performance systems -- Types of pay-of-performance plans -- Designing pay-for-performance plans for executives and salespeople -- Designing and administering benefits: An Overview of benefits: The Benefits strategy -- Legally required benefits -- Voluntary benefits -- Administering benefits -- Governance: Developing employee relations: The Roles of the manager and the employee relations specialist: Developing employee communications -- Encourage effective communications -- Employee recognition programs -- Respecting employee rights and managing discipline -- Employee rights -- Management rights -- Employee rights challenges:a balancing act -- Disciplining employees -- Administering and managing discipline -- Managing difficult employees -- Preventing the need for discipline with human resource management -- Working with organized labor: Why do employees join unions: Labor relations and the Legal environments -- Labor relations in the United states -- Labor relations in other countries -- Labor relations strategy -- Managing the labor relations process -- The Impact of Unions on human resource management --Managing workplace safety and the health: Workplace safety and the law --  Managing contemporary safety, health, and behavioral Issues -- Safety and health programs--International HRM challenge:The Stages of international involvement -- Determining the mix of host -country and expatriate employees -- The Challenges of expatriate assignments -- Effectively managing expatriate assignments with HRM policies and practices -- Developing HRM policies in a global context -- Human resources management and exporting firms -- Appendix.  </subfield>
  </datafield>
  <datafield tag="650" ind1=" " ind2=" ">
    <subfield code="2">Human Resource.</subfield>
  </datafield>
  <datafield tag="700" ind1=" " ind2=" ">
    <subfield code="a">Luis R.Gomez-Mejia,</subfield>
  </datafield>
  <datafield tag="700" ind1=" " ind2=" ">
    <subfield code="a">Robert L.Cardy.</subfield>
  </datafield>
  <datafield tag="700" ind1=" " ind2=" ">
    <subfield code="a">David B. Balkin,</subfield>
  </datafield>
  <datafield tag="942" ind1=" " ind2=" ">
    <subfield code="2">lcc</subfield>
    <subfield code="c">BK</subfield>
  </datafield>
  <datafield tag="999" ind1=" " ind2=" ">
    <subfield code="c">2816</subfield>
    <subfield code="d">10316</subfield>
  </datafield>
  <datafield tag="952" ind1=" " ind2=" ">
    <subfield code="0">0</subfield>
    <subfield code="1">0</subfield>
    <subfield code="2">lcc</subfield>
    <subfield code="4">0</subfield>
    <subfield code="7">0</subfield>
    <subfield code="a">WIUC-1</subfield>
    <subfield code="b">WIUC-1</subfield>
    <subfield code="c">CC</subfield>
    <subfield code="d">2014-04-09</subfield>
    <subfield code="l">0</subfield>
    <subfield code="o">HF5549 .G64</subfield>
    <subfield code="p">834/027/13</subfield>
    <subfield code="r">2014-04-09 00:00:00</subfield>
    <subfield code="t">1</subfield>
    <subfield code="w">2014-04-09</subfield>
    <subfield code="y">BK</subfield>
  </datafield>
</record>
